Statistics for Movies By 1 Actor and 1 Actress - Ryan Gosling Edition

Click here to take the quiz!

General Stats

  • This quiz has been taken 24 times
  • The average score is 12 of 26

Answer Stats

CastMovie% Correct
Emma Stone, J.K. SimmonsLa La Land
91%
Margot Robbie, Will FerrellBarbie
82%
Harrison Ford, Ana de ArmasBlade Runner 2049
82%
Steve Carell, Julianne MooreCrazy, Stupid, Love
82%
Chris Evans, Ana de ArmasThe Gray Man
77%
Carey Mulligan, Ron PerlmanDrive
73%
Russell Crowe, Kim BasingerThe Nice Guys
73%
Rachel McAdams, James MarsdenThe Notebook
73%
Michelle Williams, John DomanBlue Valentine
64%
Christian Bale, Marisa TomeiThe Big Short
64%
Emma Stone, Sean PennGangster Squad
59%
Bradley Cooper, Eva MendesThe Place Beyond the Pines
59%
Claire Foy, Kyle ChandlerFirst Man
45%
Kristin Scott Thomas, Gordon BrownOnly God Forgives
41%
George Clooney, Evan Rachel WoodThe Ides of March
41%
Shareeka Epps, Anthony MackieHalf Nelson
36%
Kirsten Dunst, Frank LangellaAll Good Things
27%
Denzel Washington, Hayden PenetierreRemember the Titans
27%
Anthony Hopkins, Rosamund PikeFracture
23%
Sandra Bullock, Michael PittMurder By Numbers
23%
Natalie Portman, Michael FassbenderSong to Song
23%
Ewan McGregor, Naomi WattsStay
18%
Billy Zane, Summer PhoenixThe Believer
18%
Saoirse Ronan, Matt SmithLost River
14%
David Morse, Kelly LynchThe Slaughter Rule
9%
Don Cheadle, Michelle WilliamsThe United States of Leland
9%

Score Distribution

Percentile by Number Answered

Percent of People with Each Score

Your Score History

You have not taken this quiz